|
|
|
|
| LEADER |
00000nab a2200000 a 4500 |
| 001 |
vtls008154854 |
| 003 |
SK-MaSNL |
| 005 |
20260303080538.0 |
| 008 |
050518c20050511xo dr|p|||||||000 b|slo |
| 015 |
|
|
|a SNBRB2005/05
|2 snkbucl
|
| 038 |
|
|
|a SNKBUCL
|
| 040 |
|
|
|a SNKBUCL
|b slo
|c SNKBUCL
|e AACR2
|
| 041 |
0 |
|
|a slo
|
| 044 |
|
|
|a xo
|c SK
|
| 080 |
|
|
|a 796.894.093.1
|x (4)
|2 UDC-MRF-SK2
|
| 100 |
1 |
|
|a Gressner, Igor
|4 aut
|9 838363
|
| 245 |
1 |
0 |
|a Hymny sa dočkal, ale najprv musel "prežuť" poľskú
|b na ME v kulturistike a body fitnese mužov päť medailí pre Slovensko, z toho dve zlaté
|c Igor Gressner
|
| 300 |
|
|
|b Fotogr.
|
| 611 |
2 |
7 |
|a Majstrovstvá Európy v kulturistike a body fitnese mužov
|d 2005
|c Brašov, Rumunsko
|2 snkbucl
|9 1082574
|
| 650 |
0 |
7 |
|a kulturistika
|2 snkbucl
|9 3254
|
| 650 |
0 |
7 |
|a fitnes
|2 snkbucl
|9 31481
|
| 650 |
0 |
7 |
|a muži
|2 snkbucl
|9 4888
|
| 773 |
0 |
|
|t Šport
|g Roč. 59, č. 108 (11.5.2005), s. 45
|x 0139-7001
|
| 852 |
|
|
|a SNK
|b KIS3GCP
|
| 999 |
|
|
|c 1780913
|d 1782843
|